Henkilöt nimikirjaimilla AA-AZ - Statistics

Yleistilastot
  • Tätä visaa on pelattu 53 kertaa
  • Keskiarvotulos 11 / 26
Vastaustilastot
vihje henkilö % Oikein
AA / suomalainen arkkitehti Alvar Aalto
100%
AH / saksalainen hirmuhallitsija Adolf Hitler
92%
AE / suhteellisuusteorian isä Albert Einstein
90%
AL / orjuuden Yhdysvalloissa lakkauttanut presidentti Abraham Lincoln
80%
AC / yhdysvaltalainen gangsteri Al Capone
73%
AF / yksi holokaustin kuuluisimmista uhreista Anne Frank
73%
AM / Saksan entinen liittokansleri Angela Merkel
71%
AY / suomalaisen neuvolajärjestelmän isä Arvo Ylppö
67%
AN / dynamiitin keksijä Alfred Nobel
57%
AB / suomalaine aitajuoksija Arto Bryggare
51%
AV / kuuluisa barokkisäveltäjä Antonio Vivaldi
47%
AT / naisvihamielinen internet-persoona Andrew Tate
39%
AW / pop-taiteen keskeinen hahmo Andy Warhol
35%
AJ / yhdysvaltalainen naisnäyttelijä Angelina Jolie
31%
AP / ranskalainen entinen F1-kuljettaja Alain Prost
27%
AO / venäläinen jääkiekkoilija Alexander Ovechkin
24%
AQ / yhdysvaltalainen miesnäyttelijä Anthony Quinn
22%
AD / Adidaksen perustaja Adolf Dassler
20%
AG / yhdysvaltalainen naislaulaja Ariana Grande
20%
AK / entinen shakin suurmestari Anatoli Karpov
16%
AX / portugalilainen jalkapalloilija Abel Xavier
8%
AS / yhdysvaltalainen miesnäyttelijä Adam Sandler
8%
AU / ranskalainen sarjakuvataiteilija Albert Uderzo
8%
AI / yhdysvaltalainen koripalloilija Allen Iverson
4%
AZ / saksalainen tennispelaaja Alexander Zverev
2%
AR / yhdysvaltalainen naislaulaja Addison Rae
0%
Ehtoja vastaavia visoja ei löytynyt
Tulosjakauma
Jokaisen tuloksen saaneiden osuus
Persentiili vastausten määrän mukaan
Tuloshistoriasi
Et ole pelannut tätä visaa